000 00279nam a22001097a 4500
082 _a030 CHA'I
100 _aINTERNATIONAL
_910245
245 _aCHAMBER'S ENCYCLOPEDIA VOLUME - XI POITIERS - ROSICRUCIANS
260 _aLONDON
_bINTERNATIONAL
_c1973
300 _a826P
942 _cBK
999 _c583293
_d583293